| 000 | 00579nam a2200229Ia 4500 | ||
|---|---|---|---|
| 008 | 180523s9999 xx 000 0 und d | ||
| 020 | _a81-7224-745-1 | ||
| 050 | _aMAIN HM 141 | ||
| 050 | _b.K75 2003 | ||
| 100 | _aKrisco, Kim H. | ||
| 245 | 0 | _aLeadership and the art of conversation / | |
| 245 | 0 | _cKim H. Krisco. | |
| 260 | _aMumbai : | ||
| 260 | _bJaico Publishing, | ||
| 260 | _c2003 | ||
| 300 | _a203 pages : | ||
| 300 | _c22 cm. | ||
| 500 | _aIncludes index. | ||
| 650 | _aInterpersonal communication. | ||
| 650 | _aLeadership. | ||
| 650 | _xConversation. | ||
| 999 |
_c357278 _d357278 |
||